[Event "C.to Italiano U16"]
[Site "Tarvisio ITA"]
[Date "2014.07.01"]
[Round "4"]
[White "Difronzo, Andrea"]
[Black "Barp, Alberto"]
[WhiteElo "1966"]
[BlackElo "2034"]
[Result "0-1"]
[PlyCount "118"]
[EventDate "2014.06.29"]

1. Nf3 d5 2. c4 c6 3. g3 Nf6 4. Bg2 Bf5 5. Qb3 Qc7 6. d3 Nbd7 7. O-O e6 8. cxd5
exd5 9. Bf4 Qb6 10. Qxb6 axb6 11. Nc3 Be7 12. Nh4 Be6 13. Nf3 O-O 14. Nd4 Bc5
15. Nxe6 fxe6 16. Bd2 b5 17. h3 b4 18. Nd1 Ra6 19. d4 Bd6 20. Ne3 Rfa8 21. Nc2
Rxa2 22. Rxa2 Rxa2 23. Rb1 Ra4 24. e3 Bf8 25. Bf1 b6 26. f3 c5 27. Bb5 Ra5 28.
Bxd7 Nxd7 29. Kf2 Ra4 30. Ke2 c4 31. Kd1 b3 32. Ne1 b5 33. Ng2 b4 34. e4 Kf7
35. g4 g6 36. Nf4 Nb6 37. h4 Bg7 38. Be3 Ke7 39. Nh3 Ra2 40. e5 Kd7 41. Bd2 c3
42. bxc3 Nc4 43. Bf4 b2 44. Kc2 Ra1 45. cxb4 Bf8 46. Ng5 Bxb4 47. Rxb2 Nxb2 48.
Kxb2 Rf1 49. Nxh7 Be7 50. Bg5 Rxf3 51. h5 gxh5 52. gxh5 Rh3 53. Bxe7 Kxe7 54.
Nf6 Rd3 55. h6 Rxd4 56. Kc3 Rh4 57. Kd3 Kf7 58. h7 Kg6 59. Nd7 Kg7 0-1

[Event "C.to Italiano U16"]
[Site "Tarvisio ITA"]
[Date "2014.07.01"]
[Round "4"]
[White "Favaloro, Andrea"]
[Black "Zamengo, Fulvio"]
[WhiteElo "1983"]
[BlackElo "2168"]
[Result "0-1"]
[PlyCount "70"]
[EventDate "2014.06.29"]

1. e4 c5 2. Nf3 Nc6 3. d4 cxd4 4. Nxd4 Qb6 5. Nb3 Nf6 6. Nc3 e6 7. Be3 Qc7 8.
Bd3 a6 9. f4 d6 10. Qf3 Be7 11. O-O-O b5 12. g4 Nb4 13. g5 Nd7 14. Kb1 Bb7 15.
f5 Ne5 16. Qh3 exf5 17. Qxf5 O-O 18. Nd4 Bc8 19. Qf1 Re8 20. a3 Nbxd3 21. Nd5
Qb7 22. cxd3 Be6 23. Qg2 Bxd5 24. exd5 b4 25. axb4 Qxb4 26. Nc6 Qb3 27. Bd4
Nxc6 28. dxc6 a5 29. Rd2 a4 30. Re1 Bf8 31. Red1 a3 32. c7 Rec8 33. Qc6 axb2
34. Bxb2 Ra7 35. Rc1 Qa2+ 0-1

[Event "C.to Italiano U16"]
[Site "Tarvisio ITA"]
[Date "2014.07.01"]
[Round "4"]
[White "Gennari, Jacopo"]
[Black "Briata, Federico"]
[WhiteElo "1846"]
[BlackElo "1966"]
[Result "0-1"]
[PlyCount "100"]
[EventDate "2014.06.29"]

1. d4 Nf6 2. c4 g6 3. f3 d5 4. cxd5 Nxd5 5. e4 Nb6 6. Nc3 Bg7 7. Be3 O-O 8. Qd2
e5 9. d5 c6 10. O-O-O cxd5 11. Bxb6 Qxb6 12. Nxd5 Qd8 13. Kb1 Nc6 14. Bc4 Be6
15. Ne2 Rc8 16. Ne3 Qxd2 17. Rxd2 Bh6 18. Bxe6 fxe6 19. Rd3 Rfd8 20. Rxd8+ Rxd8
21. Ng4 Bf8 22. Kc1 Bc5 23. Rd1 Rxd1+ 24. Kxd1 h5 25. Nf6+ Kf7 26. Nh7 Be7 27.
h4 Bxh4 28. g3 Be7 29. f4 exf4 30. gxf4 e5 31. Ng5+ Bxg5 32. fxg5 Nd4 33. Ng1
Ke6 34. Kd2 Kd6 35. b4 h4 36. Kc3 Ne6 37. Nf3 h3 38. Kd3 Nxg5 39. Nh2 Nh7 40.
Ng4 Nf6 41. Nf2 h2 42. Ke2 h1=Q 43. Nxh1 Nxe4 44. Kf3 Kd5 45. a3 Kd4 46. a4 Kd3
47. a5 a6 48. Kg4 Ke3 49. Kh3 Kf3 50. Kh2 g5 0-1

[Event "C.to Italiano U16"]
[Site "Tarvisio ITA"]
[Date "2014.07.01"]
[Round "4"]
[White "Varriale, Luca"]
[Black "Gueci, Tea"]
[WhiteElo "1959"]
[BlackElo "2090"]
[Result "1-0"]
[PlyCount "127"]
[EventDate "2014.06.29"]

1. d4 Nf6 2. c4 g6 3. f3 Bg7 4. e4 d6 5. Be3 O-O 6. Ne2 Nc6 7. Qd2 a6 8. Na3
Bd7 9. g4 Qb8 10. Ng3 Ne8 11. h4 b5 12. h5 b4 13. Nb1 e5 14. d5 Nd4 15. Bxd4
exd4 16. g5 f6 17. hxg6 hxg6 18. Bd3 Qd8 19. Qh2 f5 20. exf5 Qe7+ 21. Kd1 Qxg5
22. Qh7+ Kf7 23. Qxg6+ Qxg6 24. fxg6+ Ke7 25. Nd2 c5 26. Kc2 Kd8 27. Rae1 Ra7
28. Rhf1 Be5 29. Nh5 Bh3 30. Rg1 Ng7 31. Ng3 Bf4 32. Ndf1 Be5 33. Be4 Re7 34.
Nd2 Bf4 35. Kd3 Be3 36. Rh1 Bf2 37. Re2 Bxg3 38. Rxh3 Be5 39. Rh7 Nf5 40. Bxf5
Rxf5 41. g7 Rg5 42. Rh8+ Re8 43. Rxe8+ Kxe8 44. Ne4 Rxg7 45. Nxd6+ Kd7 46. Nf5
Rg1 47. Rxe5 Rd1+ 48. Kc2 Rf1 49. Nh4 Rf2+ 50. Kc1 Rf1+ 51. Kc2 Rf2+ 52. Kb3 a5
53. a4 bxa3 54. Kxa3 Rf1 55. Re2 Rd1 56. Kb3 a4+ 57. Kc2 Rh1 58. Ng2 Ra1 59.
Re1 d3+ 60. Kxd3 Ra2 61. Re2 a3 62. bxa3 Rxa3+ 63. Ke4 Rc3 64. Ne3 1-0

[Event "C.to Italiano U16"]
[Site "Tarvisio ITA"]
[Date "2014.07.01"]
[Round "4"]
[White "Yao, Stefano"]
[Black "Marzaduri, Riccardo"]
[WhiteElo "2152"]
[BlackElo "1962"]
[Result "1/2-1/2"]
[PlyCount "61"]
[EventDate "2014.06.29"]

1. Nf3 c5 2. c4 Nc6 3. g3 e5 4. Nc3 d6 5. Bg2 g6 6. O-O Bg7 7. d3 Nf6 8. a3 O-O
9. Rb1 a5 10. Bd2 h6 11. Ne1 Be6 12. Nd5 Bxd5 13. cxd5 Ne7 14. e4 Nd7 15. b4
cxb4 16. axb4 a4 17. b5 f5 18. Bb4 Nc8 19. exf5 gxf5 20. Kh1 Qb6 21. Nc2 Rf7
22. Ne3 a3 23. Nc4 Qxb5 24. Bxd6 Qa6 25. Rb3 b5 26. Rxa3 Qb7 27. Na5 Rxa5 28.
Rxa5 Nxd6 29. Qc2 Nf6 30. Qa2 Rc7 31. Ra8+ 1/2-1/2

[Event "C.to Italiano U16"]
[Site "Tarvisio ITA"]
[Date "2014.07.02"]
[Round "5"]
[White "Barp, Alberto"]
[Black "Yao, Stefano"]
[WhiteElo "2034"]
[BlackElo "2152"]
[Result "0-1"]
[PlyCount "152"]
[EventDate "2014.06.29"]

1. d4 Nf6 2. c4 g6 3. Nc3 d5 4. Nf3 Bg7 5. Bf4 c5 6. dxc5 Qa5 7. Rc1 dxc4 8. e3
O-O 9. Bxc4 Qxc5 10. Bb3 Qa5 11. O-O Nc6 12. h3 Bf5 13. Qe2 Ne4 14. Nd5 e5 15.
Bh2 Be6 16. Rfd1 Rfd8 17. Qc4 Nf6 18. e4 Rac8 19. Nxf6+ Bxf6 20. Rxd8+ Rxd8 21.
Qc3 Qxc3 22. bxc3 Bxb3 23. axb3 Bg7 24. g4 Rd3 25. Ne1 Rd2 26. b4 a6 27. Rc2
Bh6 28. Rc1 Rd8 29. Rc2 f6 30. Kf1 Rd2 31. Rc1 Kf7 32. Rb1 b5 33. Ra1 Nb8 34.
g5 Bxg5 35. Nf3 Rc2 36. Nxg5+ fxg5 37. Bxe5 Nc6 38. Bh8 Nb8 39. Rd1 Ke7 40. Rd5
Nd7 41. Rxg5 Rc1+ 42. Ke2 Rh1 43. Rg3 Ra1 44. Bd4 Ra2+ 45. Ke3 Ra3 46. Rg1 Ke6
47. f4 Ra2 48. Rh1 Nb8 49. h4 Nc6 50. Bc5 a5 51. bxa5 Nxa5 52. Bf8 Nc4+ 53. Kd4
Rf2 54. Bh6 Nd6 55. Re1 Rh2 56. Bg5 Rd2+ 57. Kc5 Rd3 58. Kb4 Rh3 59. Re2 Rh1
60. h5 Rxh5 61. e5 Nf7 62. Bf6 Rf5 63. Re4 h5 64. Rd4 g5 65. fxg5 Nxe5 66. Rh4
Nd3+ 67. Kb3 Nc5+ 68. Kb4 Nd7 69. Bd8 Ne5 70. Rxh5 Nc6+ 71. Kb3 Nxd8 72. Rh6+
Ke7 73. g6 Ne6 74. Rh7+ Kd6 75. Rb7 Nc5+ 76. Kb4 Nxb7 0-1

[Event "C.to Italiano U16"]
[Site "Tarvisio ITA"]
[Date "2014.07.02"]
[Round "5"]
[White "Briata, Federico"]
[Black "Bergamasco, Tommaso"]
[WhiteElo "1966"]
[BlackElo "1814"]
[Result "1-0"]
[PlyCount "55"]
[EventDate "2014.06.29"]

1. e4 e5 2. Nf3 Nc6 3. d4 exd4 4. Nxd4 d6 5. Nc3 Bd7 6. Be3 Nf6 7. f3 Be7 8.
Qd2 O-O 9. O-O-O a6 10. g4 Nxd4 11. Bxd4 Bc6 12. Be3 Nd7 13. Nd5 Re8 14. Be2
Nf8 15. f4 Qd7 16. Kb1 Rad8 17. Bf3 Bxd5 18. Qxd5 c6 19. Qd3 Qc7 20. g5 Ng6 21.
h4 d5 22. e5 d4 23. Bc1 c5 24. h5 Nf8 25. g6 fxg6 26. hxg6 h6 27. Qc4+ Kh8 28.
Qf7 1-0

[Event "C.to Italiano U16"]
[Site "Tarvisio ITA"]
[Date "2014.07.02"]
[Round "5"]
[White "Dobboletta, Alex"]
[Black "Baiocchi, Emanuele"]
[WhiteElo "2041"]
[BlackElo "1884"]
[Result "1-0"]
[PlyCount "123"]
[EventDate "2014.06.29"]

1. Nf3 d5 2. b3 Nc6 3. Bb2 Bg4 4. e3 Qd7 5. Be2 O-O-O 6. c4 e6 7. d4 Bb4+ 8.
Bc3 Bxc3+ 9. Nxc3 Nf6 10. c5 Kb8 11. b4 Ne4 12. Qb3 e5 13. b5 Na5 14. Qb4 Bxf3
15. Bxf3 Nxc3 16. Qxc3 Nc4 17. O-O h5 18. Rfd1 e4 19. Be2 Qxb5 20. Rab1 Qa5 21.
Qb3 b6 22. Bxc4 dxc4 23. Qxc4 Rd7 24. Rb5 Qa3 25. Rb4 Rh6 26. Ra4 Qb2 27. Qa6
c6 28. Ra3 Qc2 29. Rf1 b5 30. Rb3 Rb7 31. Rfb1 Rf6 32. R3b2 Qc4 33. a4 h4 34.
Qa5 Kc8 35. axb5 cxb5 36. Rxb5 Rxb5 37. Qxb5 Qxb5 38. Rxb5 Ra6 39. h3 Ra1+ 40.
Kh2 Ra2 41. d5 Rxf2 42. Ra5 Rf5 43. d6 g5 44. Rxa7 Rxc5 45. Rxf7 Rd5 46. Rg7
Kd8 47. Kg1 Rd1+ 48. Kf2 Rd2+ 49. Kf1 Rd5 50. Ke2 Ra5 51. Re7 Ra2+ 52. Kf1 Ra1+
53. Kf2 Ra2+ 54. Kg1 Ra1+ 55. Kh2 Ra5 56. Rxe4 Kd7 57. Rd4 Re5 58. Rd3 Ra5 59.
Kg1 Ra1+ 60. Kf2 Rd1 61. Rd4 Ra1 62. Rd3 1-0

[Event "C.to Italiano U16"]
[Site "Tarvisio ITA"]
[Date "2014.07.02"]
[Round "5"]
[White "Favilli, Edoardo"]
[Black "Difronzo, Andrea"]
[WhiteElo "1837"]
[BlackElo "1966"]
[Result "0-1"]
[PlyCount "66"]
[EventDate "2014.06.29"]

1. e4 e6 2. b3 d5 3. Bb2 c5 4. exd5 exd5 5. Nf3 Nf6 6. Bb5+ Bd7 7. Bxd7+ Nbxd7
8. O-O Be7 9. d4 O-O 10. Nc3 Rc8 11. Ne2 c4 12. Ng3 Re8 13. Re1 Qc7 14. Nf5 Bf8
15. Ne3 b5 16. bxc4 bxc4 17. a4 Rb8 18. Ba3 Bb4 19. Bxb4 Rxb4 20. c3 Rb3 21.
Qc2 Qa5 22. Rec1 Ne4 23. Nd1 Ng5 24. Qf5 Nxf3+ 25. gxf3 Nf6 26. Kf1 Qc7 27. Kg2
Qa5 28. Kf1 Re6 29. Rcb1 g6 30. Qc2 Qc7 31. Rxb3 Qxh2 32. Ne3 Rxe3 33. Rb8+ Kg7
0-1

[Event "C.to Italiano U16"]
[Site "Tarvisio ITA"]
[Date "2014.07.02"]
[Round "5"]
[White "Marzaduri, Riccardo"]
[Black "Favaloro, Andrea"]
[WhiteElo "1962"]
[BlackElo "1983"]
[Result "1/2-1/2"]
[PlyCount "21"]
[EventDate "2014.06.29"]

1. e4 c5 2. Nf3 g6 3. d4 cxd4 4. Nxd4 Nc6 5. Nc3 Bg7 6. Nb3 Nf6 7. Be2 O-O 8.
g4 d5 9. exd5 Nb4 10. O-O Nbxd5 11. Nxd5 1/2-1/2

[Event "C.to Italiano U16"]
[Site "Tarvisio ITA"]
[Date "2014.07.02"]
[Round "5"]
[White "Zamengo, Fulvio"]
[Black "Varriale, Luca"]
[WhiteElo "2168"]
[BlackElo "1959"]
[Result "1-0"]
[PlyCount "65"]
[EventDate "2014.06.29"]

1. e4 c6 2. d4 d5 3. e5 c5 4. Nf3 Bg4 5. dxc5 Nc6 6. Bb5 Qa5+ 7. Nc3 e6 8. Be3
Nge7 9. a3 O-O-O 10. b4 Bxf3 11. gxf3 Qc7 12. Bxc6 Nxc6 13. Bf4 a6 14. Bg3 g5
15. Qd2 Bg7 16. O-O-O Bxe5 17. Qxg5 Rhg8 18. Qd2 Qe7 19. Rhe1 Bh8 20. Na4 Rxg3
21. fxg3 Qf6 22. Nb6+ Kc7 23. Qf4+ Qxf4+ 24. gxf4 a5 25. c4 dxc4 26. Rxd8 Kxd8
27. b5 Nd4 28. Nxc4 Nxb5 29. a4 Nd4 30. Nd6 Kc7 31. Nxf7 Bf6 32. Ng5 e5 33.
Nxh7 1-0

[Event "C.to Italiano U16"]
[Site "Tarvisio ITA"]
[Date "2014.07.02"]
[Round "6"]
[White "Bergamasco, Tommaso"]
[Black "Gueci, Tea"]
[WhiteElo "1814"]
[BlackElo "2090"]
[Result "0-1"]
[PlyCount "92"]
[EventDate "2014.06.29"]

1. e4 g6 2. d4 Bg7 3. Be3 d6 4. Nc3 c6 5. f3 b5 6. Bd3 Nd7 7. Qd2 Nb6 8. Nge2
Nf6 9. O-O O-O 10. Bh6 e5 11. Bxg7 Kxg7 12. dxe5 dxe5 13. Qg5 Nfd7 14. Qg3 Qe7
15. Nd1 Nc5 16. Ne3 a5 17. Kh1 Kh8 18. Ng1 Ra7 19. f4 exf4 20. Qxf4 Ne6 21. Qg3
Qg5 22. Qf2 Nc5 23. Nf5 Nbd7 24. Nd6 f6 25. Qd4 Qe5 26. Nf3 Qxd4 27. Nxd4 Rc7
28. Nf3 Nb7 29. Nxb7 Bxb7 30. e5 fxe5 31. Rae1 Re8 32. Ng5 Re7 33. c4 Nc5 34.
Be2 Ba6 35. cxb5 cxb5 36. Bf3 b4 37. Be2 h6 38. Bxa6 Nxa6 39. Ne4 Nc5 40. Nf6
Re6 41. Ng4 e4 42. Nxh6 e3 43. h3 e2 44. Rf2 Rce7 45. Nf7+ Rxf7 46. Rxf7 Nd3
0-1

[Event "C.to Italiano U16"]
[Site "Tarvisio ITA"]
[Date "2014.07.02"]
[Round "6"]
[White "Difronzo, Andrea"]
[Black "Briata, Federico"]
[WhiteElo "1966"]
[BlackElo "1966"]
[Result "1/2-1/2"]
[PlyCount "54"]
[EventDate "2014.06.29"]

1. Nf3 c5 2. c4 Nf6 3. g3 d5 4. cxd5 Nxd5 5. Bg2 Nc6 6. O-O e5 7. Nc3 Nc7 8. d3
Be7 9. a3 O-O 10. Be3 Ne6 11. Rc1 Bd7 12. Nd2 Rc8 13. Nd5 b6 14. Nxe7+ Qxe7 15.
Nc4 Ned4 16. h3 Rfd8 17. Bxd4 exd4 18. Qd2 b5 19. Na5 Nxa5 20. Qxa5 Qxe2 21.
Rxc5 Qxb2 22. Qxa7 Be6 23. Rfc1 Rxc5 24. Rxc5 Qb1+ 25. Kh2 Qxd3 26. Qb6 Rf8 27.
Rxb5 Qxa3 1/2-1/2

[Event "C.to Italiano U16"]
[Site "Tarvisio ITA"]
[Date "2014.07.02"]
[Round "6"]
[White "Manfroi, Andrea"]
[Black "Dobboletta, Alex"]
[WhiteElo "1899"]
[BlackElo "2041"]
[Result "0-1"]
[PlyCount "98"]
[EventDate "2014.06.29"]

1. e4 c5 2. Nf3 e6 3. d4 cxd4 4. Nxd4 Nf6 5. Nc3 d6 6. Be2 Be7 7. O-O O-O 8.
Be3 a6 9. a4 Nc6 10. Nb3 b6 11. Qd2 Bb7 12. f3 Qc7 13. Rfd1 Rfd8 14. Qe1 Nb4
15. Rac1 d5 16. exd5 Nfxd5 17. Nxd5 Nxd5 18. Bf2 Bg5 19. Nd2 Ne3 20. Bxe3 Bxe3+
21. Kh1 Qf4 22. Bd3 Rac8 23. Rb1 Rxd3 24. cxd3 Rc2 25. Ne4 f5 26. Qg3 fxe4 27.
Qxf4 Bxf4 28. dxe4 Bd2 29. b4 Kf7 30. h3 e5 31. b5 a5 32. Rb3 Bc8 33. Rd3 Bb4
34. Rd5 Kf6 35. Rd8 Be6 36. Ra1 Bc5 37. Rdd1 Bd4 38. Ra3 Ra2 39. Rxa2 Bxa2 40.
Rd3 Bc4 41. Ra3 Ke6 42. g3 g5 43. h4 h6 44. hxg5 hxg5 45. Kg2 Kd6 46. f4 gxf4
47. gxf4 exf4 48. Rh3 Be2 49. Rh6+ Ke5 0-1

[Event "C.to Italiano U16"]
[Site "Tarvisio ITA"]
[Date "2014.07.02"]
[Round "6"]
[White "Podetti, Davide"]
[Black "Marzaduri, Riccardo"]
[WhiteElo "1892"]
[BlackElo "1962"]
[Result "0-1"]
[PlyCount "68"]
[EventDate "2014.06.29"]

1. e4 e6 2. d4 d5 3. Nc3 Nc6 4. Nf3 Nf6 5. e5 Ne4 6. Bd3 Bb4 7. Bd2 Nxd2 8.
Qxd2 f6 9. a3 Be7 10. exf6 Bxf6 11. O-O O-O 12. Ne2 e5 13. dxe5 Nxe5 14. Nxe5
Bxe5 15. c4 dxc4 16. Bxc4+ Kh8 17. Qxd8 Rxd8 18. Rad1 Bf5 19. Ng3 Bg6 20. b3
Bd6 21. a4 Bb4 22. Ne2 Bd2 23. g3 Rd6 24. Kg2 Rad8 25. g4 h5 26. h3 h4 27. Ra1
a6 28. Ra2 Be4+ 29. Kg1 Bc6 30. Rd1 b5 31. axb5 axb5 32. Be6 Bf3 33. Kf1 Bb4
34. Rxd6 Rxd6 0-1

[Event "C.to Italiano U16"]
[Site "Tarvisio ITA"]
[Date "2014.07.02"]
[Round "6"]
[White "Varriale, Luca"]
[Black "Barp, Alberto"]
[WhiteElo "1959"]
[BlackElo "2034"]
[Result "1/2-1/2"]
[PlyCount "69"]
[EventDate "2014.06.29"]

1. d4 d5 2. c4 c6 3. Nc3 Nf6 4. Nf3 a6 5. c5 g6 6. Bf4 Bg7 7. h3 O-O 8. e3 Re8
9. Be2 Nfd7 10. O-O e5 11. Nxe5 Nxe5 12. Bxe5 Bxe5 13. dxe5 Rxe5 14. e4 d4 15.
Qd2 b6 16. cxb6 Qxb6 17. Na4 Qa7 18. Rac1 Bd7 19. Rfd1 c5 20. Qc2 Bxa4 21. Qxa4
Nd7 22. b4 cxb4 23. Qxb4 Rxe4 24. Bf3 Rb8 25. Qa4 Rf4 26. Bc6 Ne5 27. g3 Rf6
28. Be4 d3 29. Rd2 Nf3+ 30. Bxf3 Rxf3 31. Kg2 Qb7 32. Kg1 Qb4 33. Qxb4 Rxb4 34.
Rc3 Ra4 35. a3 1/2-1/2

[Event "C.to Italiano U16"]
[Site "Tarvisio ITA"]
[Date "2014.07.02"]
[Round "6"]
[White "Yao, Stefano"]
[Black "Zamengo, Fulvio"]
[WhiteElo "2152"]
[BlackElo "2168"]
[Result "1/2-1/2"]
[PlyCount "61"]
[EventDate "2014.06.29"]

1. Nf3 c5 2. g3 b6 3. Bg2 Bb7 4. O-O Nf6 5. c4 e6 6. Nc3 Be7 7. Re1 Ne4 8. Nxe4
Bxe4 9. d3 Bb7 10. d4 cxd4 11. Qxd4 O-O 12. Rd1 d6 13. Be3 Qc7 14. Rac1 Nd7 15.
b3 Rfd8 16. Qb2 Rac8 17. Bd4 Bf6 18. h4 Bxd4 19. Qxd4 Nf6 20. Qe3 Qe7 21. Nd4
Bxg2 22. Kxg2 Qb7+ 23. Qf3 Qxf3+ 24. Nxf3 Kf8 25. e3 Ke7 26. Nd4 g6 27. Kf3 Rd7
28. Ke2 a6 29. Rc2 d5 30. Rdc1 Rdc7 31. cxd5 1/2-1/2

[Event "C.to Italiano U16"]
[Site "Tarvisio ITA"]
[Date "2014.07.03"]
[Round "7"]
[White "Balzan, Marco"]
[Black "Favaloro, Andrea"]
[WhiteElo "1800"]
[BlackElo "1983"]
[Result "0-1"]
[PlyCount "87"]
[EventDate "2014.06.29"]

1. e4 c5 2. Nf3 g6 3. d4 cxd4 4. Nxd4 Nc6 5. Nc3 Bg7 6. Be3 Nf6 7. Bc4 O-O 8.
f3 Qb6 9. Bb3 Nxe4 10. fxe4 Bxd4 11. Bxd4 Qxd4 12. Qe2 d6 13. Rd1 Qc5 14. Rd5
Qb6 15. h4 Nd4 16. Qd3 Nxb3 17. cxb3 f5 18. e5 Be6 19. Rb5 Qc6 20. Qe2 d5 21.
Rb4 Rad8 22. Rd4 Qc5 23. Qd2 Qc7 24. Kd1 Qxe5 25. Re1 Qf6 26. Qe3 Bf7 27. Qe5
Qxe5 28. Rxe5 e6 29. Ne2 Kg7 30. Ng1 Kf6 31. Nf3 h6 32. Re3 g5 33. hxg5+ hxg5
34. Ne5 Rh8 35. Kd2 Rh2 36. Re2 Bh5 37. Nf3 Bxf3 38. gxf3 Rdh8 39. Rxh2 Rxh2+
40. Kc3 Rf2 41. Rd3 g4 42. fxg4 fxg4 43. Rg3 Rf3+ 44. Kd4 0-1

[Event "C.to Italiano U16"]
[Site "Tarvisio ITA"]
[Date "2014.07.03"]
[Round "7"]
[White "Barp, Alberto"]
[Black "Gennari, Jacopo"]
[WhiteElo "2034"]
[BlackElo "1846"]
[Result "0-1"]
[PlyCount "103"]
[EventDate "2014.06.29"]

1. d4 g6 2. c4 Bg7 3. Nc3 Nf6 4. e4 d6 5. Nge2 Nbd7 6. Ng3 e5 7. d5 h5 8. h4 a5
9. Be2 Nc5 10. Bg5 Bh6 11. Bxh6 Rxh6 12. b3 Bd7 13. Qd2 Rh8 14. f3 Qe7 15. Nf1
Kf8 16. Ne3 Kg7 17. Qc2 Rh7 18. O-O-O Rg8 19. Rdg1 Kf8 20. a3 g5 21. hxg5 Rxg5
22. Rh4 Rg3 23. Rgh1 Rhg7 24. b4 axb4 25. axb4 Na6 26. Qb2 R7g5 27. Kd2 Kg7 28.
Bd3 Kh6 29. Ne2 Rxg2 30. Nxg2 Rxg2 31. Qc1 Qf8 32. Kc3+ Kh7 33. Qf1 Qg7 34.
R1h2 Rg5 35. Kb3 Bc8 36. Rf2 Kg8 37. Qh1 Rg6 38. Rf1 Qh6 39. f4 Bg4 40. Qh2 c5
41. dxc6 bxc6 42. Ra1 Nc7 43. Kc2 Bf3 44. fxe5 dxe5 45. Qxe5 Ne6 46. Nf4 Rg5
47. Qb8+ Nf8 48. Rf1 Bg2 49. Nxg2 Rxg2+ 50. Kb3 Qd2 51. b5 c5 52. Rb1 0-1

[Event "C.to Italiano U16"]
[Site "Tarvisio ITA"]
[Date "2014.07.03"]
[Round "7"]
[White "Briata, Federico"]
[Black "Yao, Stefano"]
[WhiteElo "1966"]
[BlackElo "2152"]
[Result "1-0"]
[PlyCount "97"]
[EventDate "2014.06.29"]

1. e4 c5 2. Nf3 e6 3. d4 cxd4 4. Nxd4 a6 5. Bd3 Qc7 6. Qe2 d6 7. O-O Nf6 8. c4
Be7 9. b3 O-O 10. Bb2 Nbd7 11. Nc3 b6 12. Rad1 Bb7 13. Bb1 Rac8 14. Kh1 Rfe8
15. f4 Bf8 16. g4 g6 17. g5 Nh5 18. Qe3 Bg7 19. Rf2 Qb8 20. Rfd2 Nxf4 21. Qxf4
e5 22. Qf2 exd4 23. Nd5 Bxd5 24. exd5 b5 25. Bd3 Re5 26. h4 Re3 27. Bf1 Rce8
28. cxb5 axb5 29. Bxd4 Bxd4 30. Rxd4 R3e4 31. Rxe4 Rxe4 32. Bg2 Re5 33. Rc1 Nc5
34. Qd4 Qe8 35. b4 Ne4 36. Kh2 f5 37. Re1 Nxg5 38. Rxe5 dxe5 39. Qc5 Nf7 40. d6
e4 41. Bf1 Qb8 42. Qxb5 Qxd6+ 43. Kh3 Ne5 44. Qc5 Qe6 45. Kg3 Kg7 46. Kf4 h6
47. Qxe5+ Qxe5+ 48. Kxe5 Kf7 49. b5 1-0

[Event "C.to Italiano U16"]
[Site "Tarvisio ITA"]
[Date "2014.07.03"]
[Round "7"]
[White "Gueci, Tea"]
[Black "Difronzo, Andrea"]
[WhiteElo "2090"]
[BlackElo "1966"]
[Result "1-0"]
[PlyCount "133"]
[EventDate "2014.06.29"]

1. e4 e6 2. d4 d5 3. Nd2 Nc6 4. Ngf3 Nf6 5. e5 Nd7 6. b3 f6 7. Bb2 fxe5 8. dxe5
Bc5 9. Bd3 O-O 10. O-O h6 11. c4 Ne7 12. a3 c6 13. b4 Bb6 14. c5 Bc7 15. Nb3
Qe8 16. Re1 Qh5 17. Qe2 Ng6 18. Bxg6 Qxg6 19. g3 Qf7 20. Nh4 b6 21. Bd4 a5 22.
cxb6 Bxb6 23. Bxb6 Nxb6 24. Nxa5 Rxa5 25. bxa5 Nc4 26. Rac1 Qa7 27. Rxc4 dxc4
28. Ng6 Rf7 29. Rd1 Rd7 30. Rxd7 Qxd7 31. Qxc4 c5 32. a6 Kf7 33. Nf4 Qc6 34.
Nd3 Bxa6 35. Qxc5 Qe4 36. Qa7+ Bb7 37. f3 Qxd3 38. Qxb7+ Kg8 39. Qa8+ Kf7 40.
Qa7+ Kg8 41. Kg2 Qe2+ 42. Qf2 Qxe5 43. Qa2 Kf7 44. a4 Qa5 45. Qb3 Qd2+ 46. Kh3
Kf6 47. Qb5 Qd1 48. f4 g5 49. Qe5+ Kf7 50. fxg5 Qf1+ 51. Kh4 hxg5+ 52. Qxg5 Qa1
53. a5 e5 54. a6 Qa4+ 55. g4 Qa1 56. a7 Qxa7 57. Qxe5 Qf2+ 58. Kh5 Kg8 59. Qg5+
Kh8 60. Qh6+ Kg8 61. h4 Qf3 62. Qg5+ Kh8 63. Qf5 Qe2 64. Qf8+ Kh7 65. Qf7+ Kh8
66. Kh6 Qxg4 67. Qh7# 1-0

[Event "C.to Italiano U16"]
[Site "Tarvisio ITA"]
[Date "2014.07.03"]
[Round "7"]
[White "Marzaduri, Riccardo"]
[Black "Varriale, Luca"]
[WhiteElo "1962"]
[BlackElo "1959"]
[Result "1/2-1/2"]
[PlyCount "37"]
[EventDate "2014.06.29"]

1. e4 c6 2. d4 d5 3. Nd2 dxe4 4. Nxe4 Nd7 5. Ng5 Ngf6 6. Bc4 e6 7. Qe2 Nb6 8.
Bd3 Qxd4 9. N1f3 Qd5 10. O-O h6 11. Nxf7 Kxf7 12. Rd1 Qh5 13. Ne5+ Kg8 14. Bg6
Qxe2 15. Bf7+ Kh7 16. Bg6+ Kg8 17. Bf7+ Kh7 18. Bg6+ Kg8 19. Bf7+ 1/2-1/2

[Event "C.to Italiano U16"]
[Site "Tarvisio ITA"]
[Date "2014.07.03"]
[Round "7"]
[White "Zamengo, Fulvio"]
[Black "Dobboletta, Alex"]
[WhiteElo "2168"]
[BlackElo "2041"]
[Result "1-0"]
[PlyCount "91"]
[EventDate "2014.06.29"]

1. e4 c5 2. Nf3 d6 3. d4 cxd4 4. Nxd4 Nf6 5. Nc3 e6 6. Bg5 Be7 7. f4 h6 8. Bxf6
Bxf6 9. Qd2 Nc6 10. Ndb5 O-O 11. O-O-O a6 12. Nxd6 Qa5 13. Nc4 Bxc3 14. Qxc3
Qxa2 15. Nb6 e5 16. f5 Rb8 17. Bc4 Qa1+ 18. Kd2 Qa5 19. Qxa5 Nxa5 20. Ba2 Rd8+
21. Ke3 Rxd1 22. Rxd1 Nc6 23. Bd5 Kf8 24. g4 Ke7 25. c3 Ke8 26. b4 Ne7 27. Bb3
Nc6 28. Ba4 Ke7 29. Rd5 f6 30. h3 Ke8 31. Kf3 Ke7 32. Kg3 g5 33. fxg6 Be6 34.
Rc5 Kd6 35. Bxc6 bxc6 36. Nc4+ Bxc4 37. Rxc4 Rg8 38. Rc5 Kc7 39. Kh4 Rxg6 40.
Kh5 Rg8 41. Kxh6 Rh8+ 42. Kg6 Rxh3 43. Kxf6 Kd6 44. Rxe5 Rxc3 45. g5 Rg3 46.
Ra5 1-0

[Event "C.to Italiano U16"]
[Site "Tarvisio ITA"]
[Date "2014.07.04"]
[Round "8"]
[White "Briata, Federico"]
[Black "Zamengo, Fulvio"]
[WhiteElo "1966"]
[BlackElo "2168"]
[Result "0-1"]
[PlyCount "104"]
[EventDate "2014.06.29"]

1. e4 c5 2. Nf3 Nc6 3. d4 cxd4 4. Nxd4 Qb6 5. Nb5 a6 6. Be3 Qa5+ 7. N5c3 e6 8.
Be2 b5 9. Nd2 Nf6 10. O-O Be7 11. f4 O-O 12. Bf3 Qc7 13. a4 b4 14. Ne2 d6 15.
g4 Nd7 16. Qe1 Bb7 17. g5 Rfe8 18. Qg3 Bf8 19. h4 Na5 20. Rac1 Nc4 21. Nxc4
Qxc4 22. b3 Qc7 23. h5 Rad8 24. Bf2 Nc5 25. Bxc5 Qxc5+ 26. Qf2 Qxf2+ 27. Kxf2
e5 28. fxe5 Rxe5 29. g6 hxg6 30. hxg6 fxg6 31. Ng3 Be7 32. c4 bxc3 33. Rxc3 Rc5
34. Rfc1 Bf6 35. Rc4 a5 36. Be2 Bd4+ 37. Kg2 Rdc8 38. Rxc5 Rxc5 39. Bc4+ Kf8
40. Rf1+ Bf6 41. Rd1 Ke7 42. Kf3 Be5 43. Nf1 Rc8 44. Ke3 Rh8 45. Nd2 Rh3+ 46.
Nf3 g5 47. Rg1 Bf4+ 48. Ke2 Bxe4 49. Nxg5 Rh2+ 50. Ke1 Bh1 51. Ne6 Bd2+ 52. Kd1
Bf3+ 0-1

[Event "C.to Italiano U16"]
[Site "Tarvisio ITA"]
[Date "2014.07.04"]
[Round "8"]
[White "Dobboletta, Alex"]
[Black "Lovo, Alessandro"]
[WhiteElo "2041"]
[BlackElo "1778"]
[Result "1/2-1/2"]
[PlyCount "69"]
[EventDate "2014.06.29"]

1. Nf3 g6 2. e4 d6 3. d4 Nf6 4. Nc3 Bg7 5. Be2 Bg4 6. O-O O-O 7. Bg5 c6 8. Qd2
Re8 9. Rad1 Qa5 10. h3 Bxf3 11. Bxf3 Nfd7 12. e5 dxe5 13. d5 Nb6 14. d6 exd6
15. Qxd6 Nc4 16. Bd8 b6 17. Qc7 Na6 18. Qxc6 Raxd8 19. Qxc4 Rc8 20. Qg4 e4 21.
Rd5 Nc5 22. Bxe4 Bxc3 23. bxc3 Qxa2 24. Rd4 Nxe4 25. Rxe4 Qxc2 26. Rfe1 Rf8 27.
Qd7 a5 28. Qb7 Rb8 29. Qc7 a4 30. Re7 Qb3 31. c4 Qc3 32. R1e3 Qc1+ 33. Kh2 Rbc8
34. Qxb6 Qxc4 35. R3e4 1/2-1/2

[Event "C.to Italiano U16"]
[Site "Tarvisio ITA"]
[Date "2014.07.04"]
[Round "8"]
[White "Favaloro, Andrea"]
[Black "Gueci, Tea"]
[WhiteElo "1983"]
[BlackElo "2090"]
[Result "1/2-1/2"]
[PlyCount "80"]
[EventDate "2014.06.29"]

1. c3 Nf6 2. c4 g6 3. Nf3 Bg7 4. g3 O-O 5. Bg2 d6 6. O-O e5 7. Nc3 Re8 8. d3 h6
9. e4 c6 10. d4 Qc7 11. h3 a5 12. Be3 Nbd7 13. d5 cxd5 14. cxd5 Nc5 15. Nd2 b6
16. Nb5 Qd7 17. Bxc5 bxc5 18. a4 Bf8 19. Nc4 Ra6 20. Qd2 Qd8 21. Rae1 Bd7 22.
f4 Nh5 23. Qf2 exf4 24. gxf4 Be7 25. Qf3 Bh4 26. Rd1 Qb8 27. e5 Bxb5 28. axb5
Qxb5 29. Nxd6 Rxd6 30. exd6 Ng3 31. d7 Ne2+ 32. Kh2 Qxd7 33. Qg4 Bg3+ 34. Kh1
Qxg4 35. hxg4 Bxf4 36. Rfe1 Bg3 37. d6 Bxd6 38. Rxd6 Ng3+ 39. Kh2 Rxe1 40. Kxg3
Re3+ 1/2-1/2